Name all Mario Bosses - Statistics

General Stats
  • This quiz has been taken 105 times
  • The average score is 77 of 175
Answer Stats
Hint Answer % Correct
New Super Mario Bros | New Super Mario Bros 2 | New Super Mario Bros U/U Deluxe | +11 others Bowser
100%
Super Mario Sunshine Bowser/Bowser Jr
100%
New Super Mario Bros | New Super Mario Bros U/U Deluxe | New Super Mario Bros Wii | +2 others Bowser Jr
73%
Super Mario Bros 3 | Super Mario World Morton Koopa Jr.
73%
New Super Mario Bros 2 | New Super Mario Bros U/U Deluxe | New Super Mario Bros Wii Morton Koopa Jr
73%
New Super Mario Bros 2 | New Super Mario Bros U/U Deluxe | New Super Mario Bros Wii | +2 others Wendy O' Koopa
72%
New Super Mario Bros 2 | New Super Mario Bros U/U Deluxe | New Super Mario Bros Wii | +2 others Iggy Koopa
70%
New Super Mario Bros 2 | New Super Mario Bros U/U Deluxe | New Super Mario Bros Wii | +2 others Larry Koopa
70%
New Super Mario Bros 2 | New Super Mario Bros U/U Deluxe | New Super Mario Bros Wii | +2 others Lemmy Koopa
70%
New Super Mario Bros 2 | New Super Mario Bros U/U Deluxe | New Super Mario Bros Wii | +2 others Ludwig Von Koopa
70%
New Super Mario Bros 2 | New Super Mario Bros U/U Deluxe | New Super Mario Bros Wii | +2 others Roy Koopa
70%
Super Mario 64/DS | Super Mario Sunshine King Boo
64%
Super Mario Bros 2 Birdo
63%
New Super Mario Bros | Super Mario Sunshine Petey Piranha
63%
Super Mario 64/DS King Bob-omb
61%
Super Mario Bros 2 Wart
55%
Super Mario Bros | Super Mario Bros: The Lost Levels Fake Bowser
54%
New Super Mario Bros U/U Deluxe | Super Mario 3D World | Super Mario Bros 3 | Super Mario Land Boom Boom
52%
New Super Mario Bros U/U Deluxe | New Super Mario Bros Wii Kamek
49%
Super Mario Land 2 Wario
49%
New Super Mario Bros | New Super Mario Bros 2 | Super Mario Land Dry Bowser
48%
Super Mario Bros 2 Mouser
46%
Super Mario 64/DS | Super Mario Sunshine Wiggler
46%
Super Mario Galaxy | Super Mario Galaxy 2 Dino Piranha
43%
Super Mario 3D World | Super Mario Land Pom Pom
43%
Super Mario Land | Super Mario Land 2 Tatanga
39%
Super Mario Odyssey Topper
39%
Super Mario 64/DS Big Bully
37%
Super Mario Sunshine Gooper Blooper
37%
Super Mario 64/DS | Super Mario Galaxy 2 Whomp King
37%
Super Mario 64/DS Big Boo
34%
Bowser's Fury Fury Bowser
34%
Super Mario 64/DS Goomboss
34%
Super Mario Galaxy | Super Mario Galaxy 2 King Kaliente
34%
Super Mario Odyssey Rango
34%
New Super Mario Bros 2 | Super Mario World Reznor
34%
Super Mario Sunshine Shadow Mario
34%
Super Mario Odyssey Hariet
33%
Super Mario 64/DS Eyerok
31%
Super Mario 3D World Meowser
31%
Super Mario 3D World Hisstocrat
30%
Super Mario Odyssey Madame Broode
30%
Super Mario Odyssey Mechawiggler
30%
New Super Mario Bros Mega Goomba
30%
Super Mario Galaxy Megaleg
30%
Super Mario Odyssey Spewart
30%
Super Mario 64/DS Chill Bully
28%
Super Mario Galaxy | Super Mario Galaxy 2 Bouldergeist
27%
Super Mario Galaxy Kamella
27%
Super Mario Sunshine Mecha-Bowser
27%
Super Mario Galaxy 2 Peewee Piranha
27%
Super Mario Galaxy 2 Fiery Dino Piranha
25%
New Super Mario Bros U/U Deluxe Boss Sumo Bro
24%
Super Mario Galaxy Bugaboom
24%
Super Mario Galaxy 2 Digga-Leg
24%
Super Mario Galaxy Fiery Dino Piranha
24%
Super Mario Galaxy Kingfin
24%
New Super Mario Bros Lakithunder
24%
Super Mario Sunshine Monty Mole
24%
New Super Mario Bros Monty Tank
24%
Super Mario 64/DS Chief Chilly
22%
Super Mario Galaxy 2 Gobblegut
22%
Super Mario Odyssey Knucklotec
22%
Super Mario 3D World Prince Bully
22%
Super Mario Galaxy Tarantox
22%
Super Mario Galaxy Baron Brrr
21%
Super Mario Odyssey Cookatiel
21%
Super Mario 3D World King Ka-Thunk
21%
Super Mario Odyssey RoboBrood
21%
Super Mario Sunshine Eely-Mouth
19%
Super Mario Galaxy 2 King Lakitu
19%
Super Mario Galaxy | Super Mario Galaxy 2 Major Burrows
19%
Super Mario Odyssey Torkdrift
19%
Super Mario Land 2 Witch
19%
Super Mario Bros 2 Fryguy
18%
Super Mario Galaxy Mandibug Stack
18%
Super Mario Galaxy 2 Boomsday Machine
16%
Bowser's Fury Cat Boom Boom
16%
Bowser's Fury Cat Pom Pom
16%
New Super Mario Bros Cheepskipper
16%
Super Mario Bros 2 Claw Grip
16%
Super Mario Odyssey Mollusque-Lanceur
16%
New Super Mario Bros Mummipokey
16%
Super Mario Odyssey Ruined Dragon
16%
Super Mario Galaxy 2 Squizzard
16%
Super Mario Galaxy Topmaniac
16%
Super Mario 3D World Boss Brolder
15%
Super Mario Galaxy 2 Fiery Gobblegut
15%
Super Mario Galaxy 2 Megahammer
15%
Super Mario 3D World Motley Bossblob
15%
Super Mario Galaxy 2 Prince Pikante
15%
Super Mario Galaxy 2 Sorbetti
15%
Bowser's Fury Cat Prince Bully
13%
Super Mario Galaxy 2 Glamdozer
13%
Super Mario Galaxy 2 Rollodillo
13%
Super Mario Sunshine Manta
12%
Super Mario Land 2 Three Little Pigs
12%
Super Mario Galaxy Undergrunt Gunner
12%
Super Mario Land 2 Big Bird
9%
Super Mario Bros 3 Boomerang Bro
9%
Super Mario Bros 2 Green Birdo
9%
Super Mario Bros 2 Red Birdo
9%
Super Mario Land Biokinton
7%
Super Mario Land Dragonzamasu
7%
Super Mario Land King Totomesu
7%
Super Mario Land 2 Sewer Rat
7%
Super Mario Bros 2 Mask Gate
6%
Super Mario Sunshine Plungelos
3%
Super Mario Sunshine Gatekeeper
1%
Super Mario Land Hiyoiboi
1%
Super Mario Land 2 Pako and Poko
1%
Super Mario Galaxy 2 Stink Bug Parent
0%
No matching quizzes found
Score Distribution
Percent of People with Each Score
Percentile by Number Answered
Your Score History
You have not taken this quiz